[Event "RUS-ch Eurasia Cup op"]
[Site "Ekaterinburg"]
[Date "2018.08.10"]
[Round "9"]
[White "Dubinin, Alexsandr"]
[Black "Chyndygyr, Tamerlan"]
[Result "1-0"]
[WhiteElo "2260"]
[BlackElo "1847"]
[PlyCount "69"]
[EventDate "2018.08.01"]
[EventType "swiss"]
[EventRounds "9"]
[EventCountry "RUS"]
[SourceTitle "CBM 185 Extra"]
[Source "ChessBase"]
[SourceDate "2018.07.29"]
[SourceVersion "1"]
[SourceVersionDate "2018.07.29"]
[SourceQuality "1"]

1. e4 d6 2. d4 Nf6 3. Nc3 Nbd7 4. Nf3 e5 5. Bc4 Be7 6. 0-0 0-0 7. a4 a5 8. h3 c6 9. Qe2 exd4 10. Nxd4 Nc5 11. Re1 Qb6 12. Nb3 Na6 13. Bf4 Nd7 14. Rad1 Ne5 15. Be3 Qc7 16. Bxa6 Rxa6 17. Nd4 Re8 18. f4 Ng6 19. Qc4 Bd8 20. Kh1 Ra8 21. Nf3 Qe7 22. Qd4 Bc7 23. Bc1 Nh4 24. Nd5 Qd8 25. Nxh4 cxd5 26. Nf5 Bxf5 27. exf5 Qh4 28. Bd2 h5 29. Bc3 f6 30. Re6 Rxe6 31. fxe6 Rc8 32. Be1 Bb6 33. Bxh4 Bxd4 34. Rxd4 Rxc2 35. Rxd5 1-0

[Event "RUS-ch Eurasia Cup op"]
[Site "Ekaterinburg"]
[Date "2018.08.09"]
[Round "8"]
[White "Gutenev, Alexander"]
[Black "Dubinin, Alexsandr"]
[Result "1-0"]
[WhiteElo "2470"]
[BlackElo "2260"]
[PlyCount "75"]
[EventDate "2018.08.01"]
[EventType "swiss"]
[EventRounds "9"]
[EventCountry "RUS"]
[SourceTitle "CBM 185 Extra"]
[Source "ChessBase"]
[SourceDate "2018.07.29"]
[SourceVersion "1"]
[SourceVersionDate "2018.07.29"]
[SourceQuality "1"]

1. e4 c5 2. Nf3 Nc6 3. d4 cxd4 4. Nxd4 Nf6 5. Nc3 e5 6. Ndb5 d6 7. Bg5 a6 8. Na3 b5 9. Nd5 Be7 10. Bxf6 Bxf6 11. c4 b4 12. Nc2 0-0 13. g3 a5 14. Bg2 Bg5 15. 0-0 Ne7 16. Nde3 Bxe3 17. Nxe3 Be6 18. Qd3 Qc7 19. b3 Nc6 20. Rad1 Rfd8 21. Nf5 a4 22. Qe3 Na5 23. Rd3 Nb7 24. Qd2 Nc5 25. Re3 Ra6 26. Rd1 Rb8 27. h3 Qd7 28. g4 Qa7 29. Rg3 Rd8 30. Nxg7 f6 31. Nh5 axb3 32. axb3 Ra2 33. Nxf6+ Kh8 34. Qh6 Nxb3 35. Nxh7 Qxf2+ 36. Kh2 Kg8 37. Qg6+ Kh8 38. Nf6 1-0

[Event "RUS-ch Eurasia Cup op"]
[Site "Ekaterinburg"]
[Date "2018.08.03"]
[Round "3"]
[White "Dubinin, Alexsandr"]
[Black "Boyko, Igor K"]
[Result "1/2-1/2"]
[WhiteElo "2260"]
[BlackElo "1896"]
[PlyCount "89"]
[EventDate "2018.08.01"]
[EventType "swiss"]
[EventRounds "9"]
[EventCountry "RUS"]
[SourceTitle "CBM 185 Extra"]
[Source "ChessBase"]
[SourceDate "2018.07.29"]
[SourceVersion "1"]
[SourceVersionDate "2018.07.29"]
[SourceQuality "1"]

1. e4 e5 2. Bc4 Nc6 3. Nf3 Bc5 4. c3 Nf6 5. d3 d6 6. 0-0 0-0 7. Nbd2 a6 8. Bb3 Ba7 9. h3 h6 10. Re1 Be6 11. Nc4 Qd7 12. Be3 b5 13. Ncd2 Bxe3 14. Rxe3 Ne7 15. Bc2 Ng6 16. d4 Qe7 17. Nf1 Nh7 18. Ng3 Ng5 19. Nf5 Qf6 20. Nh2 Qd8 21. Rg3 Nh7 22. Ng4 Nf6 23. Nge3 Kh7 24. Qf3 Rg8 25. Rd1 Bxf5 26. exf5 Nh4 27. Qc6 Qd7 28. Qxd7 Nxd7 29. dxe5 Nxe5 30. f4 Nd7 31. Nd5 c6 32. Ne7 Rge8 33. Nxc6 Nf6 34. Rxd6 Re2 35. Bd3 Rxb2 36. Ne5 Ra7 37. a3 Rd2 38. Rd4 Ra2 39. Kf1 Rxa3 40. Ng4 Ra1+ 41. Kf2 Ra2+ 42. Kg1 Nh5 43. f6+ g6 44. Re3 Rxg2+ 45. Kf1 1/2-1/2

[Event "Samara Polugaevsky Memorial 8th"]
[Site "Samara"]
[Date "2018.07.18"]
[Round "9"]
[White "Dubinin, Alexsandr"]
[Black "Frolyanov, Dmitry"]
[Result "0-1"]
[WhiteElo "2161"]
[BlackElo "2540"]
[PlyCount "90"]
[EventDate "2018.07.10"]
[EventType "swiss"]
[EventRounds "9"]
[EventCountry "RUS"]
[SourceTitle "CBM 185 Extra"]
[Source "ChessBase"]
[SourceDate "2018.07.29"]
[SourceVersion "1"]
[SourceVersionDate "2018.07.29"]
[SourceQuality "1"]

1. e4 c5 2. Nf3 d6 3. d4 cxd4 4. Nxd4 Nf6 5. Nc3 a6 6. Nb3 Nbd7 7. g4 h6 8. Bg2 b5 9. Qe2 Bb7 10. Bd2 e6 11. f4 b4 12. Nd1 a5 13. Nf2 e5 14. 0-0 Be7 15. Rad1 Qc7 16. Nd3 Qc4 17. Rfe1 0-0 18. c3 a4 19. Nbc1 bxc3 20. Bxc3 exf4 21. e5 f3 22. Bxf3 Bxf3 23. Qxf3 Qxg4+ 24. Qxg4 Nxg4 25. e6 Nb6 26. h3 Nf6 27. Nf4 g5 28. exf7+ Kxf7 29. Ng6 Kxg6 30. Rxe7 Nbd5 31. Bxf6 Kxf6 32. Ree1 Ra5 33. b4 Nxb4 34. Rxd6+ Kg7 35. Ree6 Rf7 36. Rxh6 Raf5 37. Rhg6+ Kf8 38. Rb6 Rf1+ 39. Kg2 R7f2+ 40. Kg3 Nd5 41. Rb5 Rf3+ 42. Kg4 Rf5 43. Rxd5 Rxd5 44. Ne2 Rf2 45. Nc3 Rf4+ 0-1

[Event "Samara Polugaevsky Memorial 8th"]
[Site "Samara"]
[Date "2018.07.16"]
[Round "7"]
[White "Dubinin, Alexsandr"]
[Black "Remizov, Yaroslav"]
[Result "1/2-1/2"]
[WhiteElo "2161"]
[BlackElo "2308"]
[PlyCount "87"]
[EventDate "2018.07.10"]
[EventType "swiss"]
[EventRounds "9"]
[EventCountry "RUS"]
[SourceTitle "CBM 185 Extra"]
[Source "ChessBase"]
[SourceDate "2018.07.29"]
[SourceVersion "1"]
[SourceVersionDate "2018.07.29"]
[SourceQuality "1"]

1. e4 c5 2. Nf3 Nc6 3. d4 cxd4 4. Nxd4 Nf6 5. Nc3 e5 6. Ndb5 d6 7. Bg5 a6 8. Na3 b5 9. Nd5 Be7 10. Bxf6 Bxf6 11. c4 0-0 12. cxb5 Nd4 13. b6 Bb7 14. Bc4 Bg5 15. 0-0 Kh8 16. Nc2 Rc8 17. Nc7 Rxc7 18. bxc7 Qxc7 19. Nxd4 Qxc4 20. Nf3 Be7 21. Rc1 Qe6 22. Nd2 f5 23. Rc7 Bxe4 24. Nxe4 fxe4 25. Qa4 d5 26. Qd7 Qxd7 27. Rxd7 Bc5 28. Rxd5 Bd4 29. b3 h5 30. g3 h4 31. Kg2 Rf6 32. f4 exf3+ 33. Kh3 hxg3 34. Kxg3 f2 35. Rxd4 exd4 36. Rxf2 Rc6 37. Rd2 Rc3+ 38. Kf4 Rh3 39. Kg4 Rh6 40. h3 Rg6+ 41. Kf5 Rh6 42. Rxd4 Rxh3 43. Rd6 a5 44. Ke4 1/2-1/2

[Event "Urals-ch 72nd"]
[Site "Tiumen"]
[Date "2014.03.22"]
[Round "3"]
[White "Dubinin, Alexsandr"]
[Black "Smirnov, Nikolai Vl"]
[Result "1-0"]
[WhiteElo "1860"]
[BlackElo "2054"]
[PlyCount "97"]
[EventDate "2014.03.20"]
[EventType "swiss"]
[EventRounds "9"]
[EventCountry "RUS"]
[SourceTitle "CBM 159 Extra"]
[Source "ChessBase"]
[SourceDate "2014.04.24"]
[SourceVersion "1"]
[SourceVersionDate "2014.04.24"]
[SourceQuality "1"]

1. e4 c6 2. Nc3 d5 3. Nf3 d4 4. Ne2 c5 5. c3 Nc6 6. cxd4 cxd4 7. Qa4 d3 8. Ned4 Bd7 9. Bxd3 e5 10. Nxc6 bxc6 11. Nxe5 Bd6 12. Nxd7 Qxd7 13. 0-0 Ne7 14. Bc2 0-0 15. d4 Bc7 16. Bg5 f6 17. Bh4 Rad8 18. Rad1 Bb6 19. d5 Qg4 20. Bg3 h5 21. Qb3 Kh8 22. h3 Qg5 23. d6 Ng6 24. Kh1 h4 25. Bh2 Nf4 26. Qf3 Ne6 27. Qg4 Qxg4 28. hxg4 Nd4 29. Ba4 Kg8 30. Rd2 c5 31. b4 c4 32. Rfd1 Ne6 33. Rc2 h3 34. gxh3 Ng5 35. Bc6 Nxh3 36. Kg2 Ng5 37. Rxc4 Kh7 38. a4 a5 39. bxa5 Bxa5 40. Rc5 Bb6 41. Rb5 Ba7 42. a5 Ne6 43. Rb7 Bb8 44. a6 Nc5 45. a7 Bxd6 46. Bxd6 Rg8 47. Rh1+ Kg6 48. Bxc5 Ra8 49. Rc7 1-0